LEADER 01035cam0 22002773 450 001 SON0004158 005 20220722082620.0 010 $a8813208782 100 $a20010201d1998 |||||ita|0103 ba 101 $aita 102 $aIT 200 1 $a<>responsabilità nella pubblica amministrazione$e(con particolare riguardo a quella, locale)$elegislazione, dottrina, giurisprudenza$fFrancesco Staderini$gAngela Silveri 205 $a2. ed. completamente rifatta 210 $aPadova$cCEDAM$d1998 215 $aXI, 606 p.$d24 cm. 700 1$aStaderini$b, Francesco$3AF00003871$4070$037637 701 1$aSilveri, Angela$3AF00019529$4070$0240971 801 0$aIT$bUNISOB$c20220722$gRICA 850 $aUNISOB 852 $aUNISOB$j340$m96002 912 $aSON0004158 940 $aM 102 Monografia moderna SBN 941 $aM 957 $a340$b001978$gSI$d96002$rACQUISTO$p75.000$1rovito$2UNISOB$3UNISOB$420220722082420.0$520220722082545.0$6rovito 996 $aResponsabilità nella pubblica amministrazione$9974013 997 $aUNISOB